• 首页
  • 本馆介绍
  • 公告通知
  • 最新文献
  • 馆藏检索
  • 电子资源
  • 读者导购
  • 参考咨询
  • 我的图书馆
  • 登录
  • 详细信息显示
  • 放入我的书架
  • 预约/预借图书
  • 作者相关作品
  • 分类相关作品
  • 丛书相关作品
  • 出版社相关作品

书目信息

  • 表格格式
  • 工作单格式
  • 卡片格式
题名:
最好的怀念
    
 
作者: ;红旗出版社编辑部 编
分册:  
出版信息: 北京   红旗出版社  1984
页数: 177页
开本: 19cm
丛书名:
单 册:
中图分类: D641
科图分类:
主题词: 马克思列宁主义、毛泽东思想--学习 , 马克思列宁主义、毛泽东思想--应用
电子资源:
ISBN:
000 00700nam0 2200241 45
001 0184010336
005 20050620143455.0
010    @dCNY0.50
091    @a3160.035
100    @a19950624d1984 em y0chiy0121 ea
101 0  @achi
102    @aCN@b110000
105    @ay z 000yy
200 10 @a最好的怀念@Azui hao de huai nian@f红旗出版社编辑部编@FHong Qi Chu Ban She Bian Ji Bu Bian
210    @a北京@c红旗出版社@d1984
215    @a177页@d19cm
606    @a马克思列宁主义、毛泽东思想@x学习
606 0  @a马克思列宁主义、毛泽东思想@x应用
690    @aD641@v3
711 02 @a红旗出版社编辑部@4编
801  0 @aCN@b上海图书馆@c20040423
801  2 @aCN@bNLC@c20040423
905    @dD641@e24@f1@b111749
    
    最好的怀念/红旗出版社编辑部编.-北京:红旗出版社,1984
    177页;19cm
    
    
    ISBN :CNY0.50
    
●
相关链接 在E读中查询图书 在五车中查询图书 在当当中查询图书 在豆瓣中查询图书


正题名:最好的怀念     索取号:D641/24         预约/预借

序号 登录号 条形码 馆藏地/架位号 状态 备注
1 0111745   001110880   密集书库/ [索取号:D641/24] 在馆    
2 0111746   001110871   密集书库/ [索取号:D641/24] 在馆    
3 0111747   001110862   密集书库/ [索取号:D641/24] 在馆    
4 0111748   000374008   密集书库/ [索取号:D641/24] 在馆    
5 0111749   000373991   第一样本阅览室/ [索取号:D641/24] 在馆    
唐山师范学院图书馆 欢迎您!
大连网信软件有限公司© 版权所有